| 000 | 00729cam a22002531 4500 | ||
|---|---|---|---|
| 999 |
_c532994 _d532994 |
||
| 001 | 7463024 | ||
| 003 | NUST | ||
| 005 | 20191210094436.0 | ||
| 008 | 750702s1956 nyu 000 1 eng | ||
| 010 | _a 56010189 | ||
| 035 | _a(OCoLC)1426781 | ||
| 038 | _aMuhammad Ibrahim | ||
| 040 |
_aDLC _cFO _dOCoLC _dDLC |
||
| 042 | _apremarc | ||
| 050 | 0 | 0 |
_aPZ4.B995 _bIm _aPS3552.Y67 |
| 082 |
_a823.91 _bBYR 1956 |
||
| 100 | 1 |
_aByrd, Elizabeth. _926636 |
|
| 245 | 1 | 0 |
_aImmortal Queen. _cElizabeth Byrd |
| 260 |
_aLondon, _bConstable and Company Ltd _c[1956] |
||
| 300 |
_a551 p. _c22 cm. |
||
| 600 | 0 | 0 |
_aMary, _cQueen of Scots, _d1542-1587 _vFiction. _926638 |
| 906 |
_a7 _bcbc _coclcrpl _du _encip _f19 _gy-gencatlg |
||
| 942 |
_2ddc _cBK |
||